Statystyki dla 10 losowych krajów afrykańskich w 20 sekund

Kliknij tutaj aby rozwiązać quiz!

Ogólne statystyki

  • Ten quiz został rozwiązany 901 razy
  • Średni wynik to 5 z 10

Odpowiedzi na mapie

Odpowiedzi skodowane kolorowo w zielono-czerwonej skali na mapie do tego quizu, zgodnie z poniższymi procentami.
 

Statystyki odpowiedzi

kraj% Poprawnych
Libia
100%
Egipt
94%
Maroko
92%
Sudan
91%
Algieria
88%
Niger
85%
Tunezja
83%
Etiopia
75%
Senegal
73%
Madagaskar
72%
Mauretania
71%
Czad
64%
Gabon
64%
Sudan Południowy
64%
Dem Rep Konga
62%
Mali
62%
Somalia
60%
Côte d'Ivoire
54%
Republika Południowej Afryki
53%
Ghana
50%
Kamerun
50%
Nigeria
50%
Tanzania
50%
Togo
46%
Erytrea
45%
Kenia
41%
Namibia
41%
Mauritius
38%
Angola
37%
Gambia
36%
Gwinea
36%
Benin
33%
Eswatini
33%
Liberia
32%
Uganda
30%
Republika Środkowoafrykańska
29%
Kongo
27%
Burkina Faso
25%
Burundi
25%
Gwinea Równikowa
25%
Malawi
25%
Gwinea Bissau
24%
Lesotho
23%
Seszele
21%
Sierra Leone
20%
Zambia
20%
Rwanda
18%
Cabo Verde
13%
Zimbabwe
13%
Wyspy Świętego Tomasza i Książeca
12%
Botswana
11%
Dżibuti
11%
Komory
6%
Mozambik
0%

Rozkład punktacji

Percentyl według liczby udzielonych odpowiedzi

Procent ludzi z każdym wynikiem

Twoja historia wyników

Nie rozwiązałeś tego quizu